| 000 | 00701nam a2200277Ia 4500 | ||
|---|---|---|---|
| 008 | 170203s9999 xx 000 0 und d | ||
| 020 | _a0-43931240x | ||
| 050 | _aFic | ||
| 050 | _bT468m | ||
| 100 | _aThompson, Lauren. | ||
| 245 | _aMouse's first halloween / | ||
| 245 | _cLauren Thompson ; illustrated by Buket Erdogan. | ||
| 260 | _aNew York : | ||
| 260 | _bScholastic : | ||
| 260 | _c2001 | ||
| 300 | _a1 volume (unpaged) : | ||
| 300 | _bcolor illustrations ; | ||
| 300 | _c22 cm | ||
| 650 | _aHalloween -- | ||
| 650 | _aHalloween. | ||
| 650 | _aMice -- | ||
| 650 | _aMice. | ||
| 650 | _aTrick or Treat. | ||
| 650 | _xJuvenile fiction. | ||
| 650 | _xJuvenile fiction. | ||
| 999 |
_c306340 _d306340 |
||